000 00614nam a2200241 a 4500
001 nice12345678
003 IN_TiNIC
005 20260116012834.0
008 050524s1988 u sa grp 000 0 eng
020 _a0896931
_c100
082 0 0 _a220.07
_bFIN
100 _aFinzel, Hans
245 _aUnlocking the Scriptures.
260 _aU S A
_bVictor Books
_c1988
300 _a144p
500 _aincludes index and biblioraphy
505 2 _aFresh New look at inductie Bible Study
650 _aBible-Study and Teaching
700 1 _aFinzel, Hans
902 _bSRS
942 _cBK
999 _c8588
_d8588